| 000 | 00499nam a22001697a 4500 | ||
|---|---|---|---|
| 999 |
_c8544 _d8544 |
||
| 008 | 201202b ||||| |||| 00| 0 eng d | ||
| 040 | _aBMS College of Architecture | ||
| 100 | _aRaj, B N Namitha | ||
| 245 | _aKodava parampura | ||
| 300 | _a31p. | ||
| 500 | _a1BM13AT043 | ||
| 502 |
_8B,Arch _NBMS College of Architecture, Visvesvaraya Technological University (VTU) _aProject report _d2017 |
||
| 650 | _aNA | ||
| 700 |
_aShanu Raina _eGuide |
||
| 700 |
_aPraveen Alva _eGuide |
||
| 942 |
_2ddc _cTHE |
||